Cats vs. dogs / (Record no. 9)

MARC details
000 -LEADER
fixed length control field 01526cam a2200421Ia 4500
001 - CONTROL NUMBER
control field ocn773735548
003 - CONTROL NUMBER IDENTIFIER
control field FISKH
005 - DATE AND TIME OF LATEST TRANSACTION
control field 20250815103711.0
008 - FIXED-LENGTH DATA ELEMENTS--GENERAL INFORMATION
fixed length control field 120124s2011 nyua j 001 0 eng d
010 ## - LIBRARY OF CONGRESS CONTROL NUMBER
LC control number 2010037791
020 ## - INTERNATIONAL STANDARD BOOK NUMBER
International Standard Book Number 9780545390781
020 ## - INTERNATIONAL STANDARD BOOK NUMBER
International Standard Book Number 0545390788
020 ## - INTERNATIONAL STANDARD BOOK NUMBER
International Standard Book Number 9780545392143
020 ## - INTERNATIONAL STANDARD BOOK NUMBER
International Standard Book Number 0545392144
040 ## - CATALOGING SOURCE
Original cataloging agency JN9
Transcribing agency JN9
Modifying agency OCLCA
-- XY4
-- OCLCO
-- OCLCF
050 ## - LIBRARY OF CONGRESS CALL NUMBER
Classification number SF446.5
Item number .C383 2011
082 ## - DEWEY DECIMAL CLASSIFICATION NUMBER
Classification number 636.8
100 1# - MAIN ENTRY--PERSONAL NAME
Personal name Carney, Elizabeth,
Dates associated with a name 1981-
245 10 - TITLE STATEMENT
Title Cats vs. dogs /
Statement of responsibility, etc. Elizabeth Carney.
246 3# - VARYING FORM OF TITLE
Title proper/short title Cats versus dogs
260 ## - PUBLICATION, DISTRIBUTION, ETC.
Place of publication, distribution, etc. New York :
Name of publisher, distributor, etc. Scholastic,
Date of publication, distribution, etc. [2011]
300 ## - PHYSICAL DESCRIPTION
Extent 48 p. :
Other physical details col. ill. ;
Dimensions 23 cm.
490 1# - SERIES STATEMENT
Series statement National Geographic readers. Level 3
490 1# - SERIES STATEMENT
Series statement National Geographic Kids.
500 ## - GENERAL NOTE
General note Includes index.
505 0# - FORMATTED CONTENTS NOTE
Formatted contents note Cats vs. dogs -- Senses -- Diet -- Communication -- 10 cool things about dogs and cats -- Behavior -- Final showdown -- Glossary.
520 ## - SUMMARY, ETC.
Summary, etc. Ever since the first youngster in history had a pet, cats vs. dogs has been a hotly debated issue at recesses and lunch tables worldwide. Which one's better? Smarter?
521 8# - TARGET AUDIENCE NOTE
Target audience note 770
Source Lexile.
521 8# - TARGET AUDIENCE NOTE
Target audience note R
Source Raz-Plus
650 #0 - SUBJECT ADDED ENTRY--TOPICAL TERM
Topical term or geographic name entry element Cats
Form subdivision Juvenile literature.
650 #0 - SUBJECT ADDED ENTRY--TOPICAL TERM
Topical term or geographic name entry element Dogs
Form subdivision Juvenile literature.
650 #7 - SUBJECT ADDED ENTRY--TOPICAL TERM
Topical term or geographic name entry element Cats.
Source of heading or term fast
Authority record control number or standard number (OCoLC)fst00849374
650 #7 - SUBJECT ADDED ENTRY--TOPICAL TERM
Topical term or geographic name entry element Dogs.
Source of heading or term fast
Authority record control number or standard number (OCoLC)fst00896265
655 #7 - INDEX TERM--GENRE/FORM
Genre/form data or focus term Juvenile works.
Source of term fast
Authority record control number or standard number (OCoLC)fst01411637
830 #0 - SERIES ADDED ENTRY--UNIFORM TITLE
Uniform title National Geographic readers.
Number of part/section of a work Level 3.
830 #0 - SERIES ADDED ENTRY--UNIFORM TITLE
Uniform title National Geographic kids.
942 ## - ADDED ENTRY ELEMENTS (KOHA)
Source of classification or shelving scheme Library of Congress Classification
Koha item type Print Magazines/Newspapers
Suppress in OPAC No
Holdings
Withdrawn status Lost status Source of classification or shelving scheme Damaged status Not for loan Collection Home library Current library Shelving location Date acquired Total Checkouts Full call number Barcode Date last seen Date last checked out Price effective from Koha item type Date due Copy number
    Library of Congress Classification     Non-Fiction Footprints International School Library Network Toul Kork Campus Footprints International School Library Network Toul Kork Campus TK Primary Library Room(4th Floor), Bookcase 5&6, Shelves 33-56, Orange Books 01/03/2023 2 CAR 636.8 SF446.C383 2011 FISTK01161 03/19/2026 03/12/2026 01/03/2023 Books    
    Library of Congress Classification     Non-Fiction Footprints International School Library Network Toul Tom Poung Campus Footprints International School Library Network Toul Tom Poung Campus TTP Primary Orange Bookshelves 08/15/2025 1 CAR 636.8 SF446.C383 2011 FISBK02790 04/08/2026 04/08/2026 08/15/2025 Books 04/22/2026 2